zpět

Detail výsledku týmu

U Lucerny ČT, Brno

Datum a čas kvízu

31.5 Celkem bodů Celkový počet nahraných bodů na tomto kvízu bez doplňovacích otázek.
5. Pořadí na kvízu Konečné umístění týmu na tomto kvízu.

Zaznamenané odpovědi

# Otázka Odpověď Body Výsledky
1. Do brněnských ulic minulý týde... jsou klimatizované 0
2. Slovensko míří k výrazné polit... Igor Matovič 1
3. Ve středu mělo na Berlínském f... Šarlatán 0
4. Akcionáři jedné mediální spole... CME, PPF 0
5. Český profesionální cyklista p... Leopold König 0
6. Peníze máme v ruce každý den,... Česká národní banka 1
7. Které dvě osobnosti mají jméno... D 1
8. Celkem kolikrát je na obou str... čtyřikrát 0
9. Kolik Kč činí nominální hodnot... 2 000 Kč 1
10. Které z mincí o hodnotě 1 až 5... všechny 0